| 000 | 00589nam a22001577a 4500 | ||
|---|---|---|---|
| 003 | macl | ||
| 005 | 20190828130518.0 | ||
| 008 | 190828b xxu||||| |||| 00| 0 eng d | ||
| 040 | _cmacl | ||
| 082 | _a891.431/SHA/P | ||
| 100 |
_aशास्त्री ,विष्णुकान्त _976422 |
||
| 245 | _aजीवनी -पथ पर चलते चलते ..... | ||
| 260 |
_aकोलकाता _bश्री बडाबाजार कुमारसभा पुस्तकालय _c2017 |
||
| 650 |
_aकविता _976423 |
||
| 942 |
_2ddc _cHIN |
||
| 999 |
_c60857 _d60857 |
||